Strength of Materials (Record no. 6164)

000 -LEADER
fixed length control field 00468nam a22001937a 4500
001 - CONTROL NUMBER
control field 6164
003 - CONTROL NUMBER IDENTIFIER
control field BD-DhUET
008 - FIXED-LENGTH DATA ELEMENTS--GENERAL INFORMATION
fixed length control field 141130b xxu||||| |||| 00| 0 eng d
040 ## - CATALOGING SOURCE
Original cataloging agency DLC
Transcribing agency DLC
Modifying agency BD-DhUET
082 ## - DEWEY DECIMAL CLASSIFICATION NUMBER
Classification number 620.11
Item number KHU/1984
100 ## - MAIN ENTRY--PERSONAL NAME
Personal name Khurmi, R. S.
245 ## - TITLE STATEMENT
Title Strength of Materials
250 ## - EDITION STATEMENT
Edition statement 14th ed.
260 ## - PUBLICATION, DISTRIBUTION, ETC. (IMPRINT)
Place of publication, distribution, etc. New Delhi
Name of publisher, distributor, etc. S. Chand
Date of publication, distribution, etc. 1984
300 ## - PHYSICAL DESCRIPTION
Extent vi, 991 p.
Other physical details ill.
650 #0 - SUBJECT ADDED ENTRY--TOPICAL TERM
Topical term or geographic name as entry element Strength of materials
700 ## - ADDED ENTRY--PERSONAL NAME
Personal name Lal, Jagdish
942 ## - ADDED ENTRY ELEMENTS (KOHA)
Koha item type General Book
Holdings
Withdrawn status Koha normalized classification for sorting Shelving location Source of classification or shelving scheme Koha item type Sublocation or collection (holding branch) Location (home branch) Koha full call number Piece designation (barcode) Lost status Price effective from Damaged status Date acquired Koha date last seen Not for loan Copy number
 620_110000000000000_KHU_1984Circulation section General BookCentral Library, BUETCentral Library, BUET620.11/KHU/198458300 2014-11-30 2014-11-302014-11-30 1
 620_110000000000000_KHU_1984Circulation section General BookCentral Library, BUETCentral Library, BUET620.11/KHU/198458299 2014-12-04 2014-12-042014-12-04 2
 620_110000000000000_KHU_1984Circulation section General BookCentral Library, BUETCentral Library, BUET620.11/KHU/198458304 2014-12-04 2014-12-042017-01-25 3
 620_110000000000000_KHU_1984Circulation section General BookCentral Library, BUETCentral Library, BUET620.11/KHU/198458293 2014-12-06 2014-12-062014-12-06 4
 620_110000000000000_KHU_1984Circulation section General BookCentral Library, BUETCentral Library, BUET620.11/KHU/198439805 2014-12-06 2014-12-062014-12-06 5
 620_110000000000000_KHU_1984Circulation section General BookCentral Library, BUETCentral Library, BUET620.11/KHU/198458305 2015-04-30 2015-04-302015-04-30 6
 620_110000000000000_KHU_1984Circulation section General BookCentral Library, BUETCentral Library, BUET620.11/KHU/198458303 2015-04-30 2015-04-302015-04-30 7
 620_110000000000000_KHU_1984Reading section Reading ItemCentral Library, BUETCentral Library, BUET620.11/KHU/198458306 2015-06-20 2015-06-202015-06-20 8
 620_110000000000000_KHU_1984Reading section Reading ItemCentral Library, BUETCentral Library, BUET620.11/KHU/198458297 2015-06-28 2015-06-282015-06-28 11
 620_110000000000000_KHU_1984Reading section Reading ItemCentral Library, BUETCentral Library, BUET620.11/KHU/198458298 2015-06-28 2015-06-282015-06-28 10
 620_110000000000000_KHU_1984Reading section Reading ItemCentral Library, BUETCentral Library, BUET620.11/KHU/198458301 2015-06-28 2015-06-282015-06-28 11
 620_110000000000000_KHU_1984Reading section Reading ItemCentral Library, BUETCentral Library, BUET620.11/KHU/198458296 2015-06-30 2015-06-302015-06-30 12
 620_110000000000000_KHU_1984Reading section Reading ItemCentral Library, BUETCentral Library, BUET620.11/KHU/198458295 2015-06-30 2015-06-302015-06-30 13
 620_110000000000000_KHU_1984Reading section Reading ItemCentral Library, BUETCentral Library, BUET620.11/KHU/198458302 2015-07-02 2015-07-022015-07-02 14